Tous les joueurs de Solary sur League of Legends - Statistiques

Statistiques générales
  • Ce quiz a été pris 107 fois
    65 depuis la dernière actualisation
  • Le résultat moyen est 19 sur 28
Statistiques - réponses
Rôle Arrivée Joueur % Correct
ADC 2017 Wakz
88%
Support 2021 Steeelback
85%
ADC 2023 TakeSet
85%
Toplane 2024 Kryze
83%
Midlane 2017 Melon
83%
Support 2024 Myrtus
81%
Midlane 2024 Decay
79%
Toplane 2017 Katare
79%
Toplane 2023 Melonik
77%
Support 2018 Trayton
77%
Midlane 2023 Peng
75%
Jungle 2021 Djoko
73%
ADC 2024 Innaxe
73%
ADC 2021 Asza
69%
Jungle 2024 Eckas
69%
Jungle 2023 Shlatan
69%
Midlane 2018 Tioo
69%
Jungle 2017 Chap
65%
Toplane 2022 Kio
65%
Jungle 2019 Manaty
65%
Midlane 2021 Scarlet
65%
Midlane 2019 Tonerre
62%
Support 2017 Caelan
60%
Support 2019 Hantera
60%
Jungle 2018 Skeanz
60%
Toplane 2021 Eyliph
42%
Toplane 2020 Fraid
35%
ADC 2020 Dreamsu
25%
Aucun quiz correspondant
Distribution des résultats
% des personnes avec chaque résultat
Percentile par nombre de réponses
Votre historique - résultats
Vous n’avez pas pris ce quiz depuis la dernière actualisation